<?xml version="1.0" encoding="UTF-8"?>
<collection xmlns="http://www.loc.gov/MARC21/slim">
<record>
  <controlfield tag="001">3849</controlfield>
  <controlfield tag="005">20190124074153.0</controlfield>
  <datafield tag="037" ind1=" " ind2=" ">
    <subfield code="a">OUTRART-2019-0003</subfield>
  </datafield>
  <datafield tag="100" ind1=" " ind2=" ">
    <subfield code="a">Van Camp, M.</subfield>
  </datafield>
  <datafield tag="245" ind1=" " ind2=" ">
    <subfield code="a">La géothermie fait trembler la Belgique</subfield>
  </datafield>
  <datafield tag="260" ind1=" " ind2=" ">
    <subfield code="c">2019</subfield>
  </datafield>
  <datafield tag="500" ind1=" " ind2=" ">
    <subfield code="a">Inteview by C. Du Brulle</subfield>
  </datafield>
  <datafield tag="520" ind1=" " ind2=" ">
    <subfield code="a">Il se passe d’étranges phénomènes, ces derniers jours, dans le sous-sol belge. Le 18 janvier dernier, un tremblement de terre de magnitude 1,5 sur l’échelle de Richter a été détecté par le réseau de surveillance sismologique de l’Observatoire royal de Belgique dans un recoin du pays qui n’avait jamais connu de séisme de cette importance auparavant. Quelques jours plus tôt, dans la même zone, c’était un séisme de 1,2 qui surprenait les sismologues. Avant cela, en 2016, des secousses de 0,9 avaient déjà été enregistrées…</subfield>
  </datafield>
  <datafield tag="594" ind1=" " ind2=" ">
    <subfield code="a">NO</subfield>
  </datafield>
  <datafield tag="653" ind1="1" ind2=" ">
    <subfield code="a">Activité sismique</subfield>
  </datafield>
  <datafield tag="653" ind1="1" ind2=" ">
    <subfield code="a">Sismicité induite par l'homme</subfield>
  </datafield>
  <datafield tag="653" ind1="1" ind2=" ">
    <subfield code="a">Géothermie</subfield>
  </datafield>
  <datafield tag="653" ind1="1" ind2=" ">
    <subfield code="a">Mol-Dessel</subfield>
  </datafield>
  <datafield tag="700" ind1=" " ind2=" ">
    <subfield code="a">Camelbeeck, T.</subfield>
  </datafield>
  <datafield tag="773" ind1=" " ind2=" ">
    <subfield code="p">Daily Science</subfield>
    <subfield code="v">23/01/2019</subfield>
    <subfield code="y">2019</subfield>
  </datafield>
  <datafield tag="856" ind1="0" ind2=" ">
    <subfield code="f">michel.vancamp@observatoire.be</subfield>
  </datafield>
  <datafield tag="856" ind1="4" ind2="2">
    <subfield code="a">http://dailyscience.be/23/01/2019/la-geothermie-fait-trembler-la-belgique/</subfield>
  </datafield>
  <datafield tag="980" ind1=" " ind2=" ">
    <subfield code="a">OUTRART</subfield>
  </datafield>
</record>
</collection>